000 00720cas a22002175a 4500
001 L138368
008 070601d19301946xxkmr p 0 a0eng u
035 _a(Sirsi) u138368
041 0 _aeng
110 2 _aChartered Surveyors' Institution
_92274
245 0 4 _aThe Journal of the Chartered Surveyors' Institution
260 _aLondon
_bChartered Surveyors' Institution
_c1930-1946
362 0 _aLondon: 10(1) July 1930-25(12) June 1946
362 0 _aEdinburgh: 10(1) July 1930-25(12) June 1946
554 _a12 per year
651 4 _aUNITED KINGDOM
690 _aABOUT RICS
780 0 0 _tJournal of the Surveyors' Institution
785 0 0 _tJournal of the Royal Institution of Chartered Surveyors
942 _n0
999 _c118977
_d118977